000 01336njm a2200301 a 4500
003 BLK
005 20241005005458.0
007 sz bmmelaaahaa
008 241004b bul |a|er|||| |0| c|bulo|
028 _a826173 - 826175
040 _aBLK
041 _aDEU
_cDEU
080 _b782.1
_aОпера. Музикална драма. Романтична опера. Опера-приказка
_x(086.72)
_z782.1(086.72)
100 _aMozart, Wolfgang Amadeus
_d1756 - 1791
_9386874
245 _aDie Zauberflöte KV620
_bGrosse Oper in zwei Aufzügen von Emanuel Schikaneder
_cWolfgang Amadeus Mozart ; Rundfunkchor Leipzig ; dir. Horst Neumann ; Staatskapelle Dresden ; dir. Otmar Suitner
260 _aBerlin
_bDeutsche Schallplatten
_c1981
_9210744
300 _a3 грамофонни плочи 33 об/мин
_bстерео
_c30 см
380 _a7
511 _aTheo Adam, Bass, Peter Schreier, Tenor, Sylvia Geszty, Sopran, Helen Donath, Sopran...
650 0 _aОпера - Австрия
_9306625
700 _aМоцарт, Волфганг Амадеус
_d1756 - 1791
_9368558
700 1 _925643
_aSuitner, Otmar
710 _9494213
_aStaatskapelle Dresden
852 _aФ II 2117
_bЦб
856 4 _qpdf
_u
_i0.00
_ldisable
942 _cGPL
_n0
944 _cГеновева Генчева
_k
_lCRON CRON
_a30560
999 _c518483
_d518483